| 000 -CABECERA |
| campo de control de longitud fija |
00708nam a2200229 u 4500 |
| 001 - NÚMERO DE CONTROL |
| campo de control |
000055029 |
| 005 - FECHA Y HORA DE LA ÚLTIMA TRANSACCIÓN |
| campo de control |
20200120222946.0 |
| 008 - DATOS DE LONGITUD FIJA--INFORMACIÓN GENERAL |
| campo de control de longitud fija |
130530s1983 sp a gr 000 0 spa d |
| 020 ## - NÚMERO INTERNACIONAL ESTÁNDAR DEL LIBRO |
| Número Internacional Estándar del Libro |
843296901X |
| 041 0# - CÓDIGO DE LENGUA |
| Código de lengua del texto/banda sonora o título independiente |
* spa |
| 082 04 - NÚMERO DE LA CLASIFICACIÓN DECIMAL DEWEY |
| Número de clasificación |
621.32 |
| Número de documento/Ítem |
R15 |
| Número de edición |
21 |
| 100 1# - ENTRADA PRINCIPAL--NOMBRE DE PERSONA |
| Nombre de persona |
Ramírez Vázquez, José |
| 245 10 - MENCIÓN DE TÍTULO |
| Título |
Sistemas de iluminación : |
| Resto del título |
proyectos de alumbrado / |
| Mención de responsabilidad, etc. |
José Ramírez Vázquez. |
| 250 ## - MENCIÓN DE EDICIÓN |
| Mención de edición |
3a. ed. |
| 260 ## - PUBLICACIÓN, DISTRIBUCIÓN, ETC. |
| Lugar de publicación, distribución, etc. |
Barcelona : |
| Nombre del editor, distribuidor, etc. |
Ceac, |
| Fecha de publicación, distribución, etc. |
1983. |
| 300 ## - DESCRIPCIÓN FÍSICA |
| Extensión |
226 p. : |
| Otras características físicas |
il. |
| 490 0# - MENCIÓN DE SERIE |
| Mención de serie |
Biblioteca Ceac de Electricidad |
| 650 17 - PUNTO DE ACCESO ADICIONAL DE MATERIA--TÉRMINO DE MATERIA |
| Término de materia o nombre geográfico como elemento de entrada |
Alumbrado eléctrico |
| Fuente del encabezamiento o término |
LEMB. |
| 650 27 - PUNTO DE ACCESO ADICIONAL DE MATERIA--TÉRMINO DE MATERIA |
| Término de materia o nombre geográfico como elemento de entrada |
Alumbrado en fábricas |
| Fuente del encabezamiento o término |
LEMB. |
| 650 27 - PUNTO DE ACCESO ADICIONAL DE MATERIA--TÉRMINO DE MATERIA |
| Término de materia o nombre geográfico como elemento de entrada |
Alumbrado por descarga eléctrica |
| Fuente del encabezamiento o término |
LEMB. |
| 650 27 - PUNTO DE ACCESO ADICIONAL DE MATERIA--TÉRMINO DE MATERIA |
| Término de materia o nombre geográfico como elemento de entrada |
Lampara eléctricas |
| Fuente del encabezamiento o término |
LEMB. |